LEADER 02253oam 2200577 450 001 9910707347403321 005 20160720150144.0 035 $a(CKB)5470000002464045 035 $a(OCoLC)846243190 035 $a(EXLCZ)995470000002464045 100 $a20130602j199610 ua 0 101 0 $aeng 135 $aurbn||||||||| 181 $ctxt$2rdacontent 182 $cc$2rdamedia 183 $acr$2rdacarrier 200 10$aCritique of macro flow/damage surface representations for metal matrix composites using micromechanics /$fCliff J. Lissenden and Steven M. Arnold 210 1$aCleveland, Ohio :$cNational Aeronautics and Space Administration, Lewis Research Center,$dOctober 1996. 215 $a1 online resource (31 pages) $cillustrations 225 1 $aNASA technical memorandum ;$v107321 300 $aTitle from title screen (viewed July 20, 2016). 300 $a"October 1996"--Report documentation page. 300 $a"Prepared for the International Mechanics Engineering Congress and Exposition sponsored by the American Society of Mechanical Engineers, Atlanta, Georgia, November 17-22, 1996." 300 $a"Performing organization: National Aeronautics and Space Administration, Lewis Research Center"--Report documentation page. 320 $aIncludes bibliographical references (pages 17-19). 606 $aMetal matrix composites$2nasat 606 $aMicromechanics$2nasat 606 $aViscoplasticity$2nasat 606 $aFiber-matrix interfaces$2nasat 606 $aDebonding (materials)$2nasat 606 $aResidual stress$2nasat 606 $aMathematical models$2nasat 615 7$aMetal matrix composites. 615 7$aMicromechanics. 615 7$aViscoplasticity. 615 7$aFiber-matrix interfaces. 615 7$aDebonding (materials) 615 7$aResidual stress. 615 7$aMathematical models. 700 $aLissenden$b Cliff Jesse$01398770 702 $aArnold$b S. M. 712 02$aUnited States.$bNational Aeronautics and Space Administration. 801 0$bOCLCE 801 1$bOCLCE 801 2$bOCLCQ 801 2$bOCLCO 801 2$bGPO 906 $aBOOK 912 $a9910707347403321 996 $aCritique of macro flow$93496113 997 $aUNINA LEADER 01176nam0 22002771i 450 001 UON00330296 005 20231205104217.921 100 $a20090908d1942 |0itac50 ba 101 $apor 102 $aPT 105 $a|||| 1|||| 200 1 $aCrónica da tomada de Ceuta$fGomes Eanes Zurara$gintroduçao selecçao e notas de Alfredo de Pimenta 210 $aLisboa$cClássica editora$d1942 215 $a103 p.$d19 cm. 410 1$1001UON00330288$12001 $aClássicos portugueses$etrechos escolhidos. Prosa$1210 $aLisboa$cClássica editora. 620 $aPT$dLisboa$3UONL003135 676 $a869.09358$cLetteratura portoghese. Temi storici e politici$v21 700 1$aZURARA$bGomes Eanes : de$3UONV049565$0562719 702 1$aPIMENTA$bAlfredo$3UONV180937 712 $aLivraria Clássica$3UONV270184$4650 801 $aIT$bSOL$c20240220$gRICA 899 $aSIBA - SISTEMA BIBLIOTECARIO DI ATENEO$2UONSI 912 $aUON00330296 950 $aSIBA - SISTEMA BIBLIOTECARIO DI ATENEO$dSI Port III 0111 $eSI SP 1075 5 0111 996 $aCrónica da tomada de Ceuta$91367550 997 $aUNIOR